00702nam a22002177a 450000500170000001000150001702000260003202000230005803500130008103500170009403700150011103700240012608200080015024500880015826000390024627000430028530000410032849000430036965000160041265000560042820130715150321.0 aENG-104318 a9780071332187c575.00 a0071332189c575.00 aEN-87851 aB-492249-253 bDBAD / PUB bBlue Berry/Venadpl a510 aComplete mathematics for All India Engineering Entrance Examination (AIEEE) 2012 / aNew DelhibTata McGraw-Hill c2011 a7, West Patel NagarbNew Delhie110008 aVarious pagingsc25cm (pbk)e1CD-ROM aTata McGraw-Hill's winning edge series aMathematics aAll India Engineering Entrance Examination (AIEEE)